Unreleased Kanye Songs By Lyriccs - Statistics

General Stats
  • This quiz has been taken 86 times
  • The average score is 4 of 15
Answer Stats
Hint Answer % Correct
Just got of the flight from Budapest Can U Be
69%
No text backs or call misses 530
66%
Aside from this song, life sucks Never See Me Again
46%
Nobody flew to Colombia like you did New Body
34%
And if we die yeah, we would fly yeah, higher City In The Sky
31%
And this the first time she ever spilled her soul to me Bittersweet Poetry
27%
Cant tell a unicorn from a pony Chakras
26%
I Thought i´de die in your arms True Love
19%
You took apart of me as you were passing through After You
14%
Automatic toilet, now thats the shit The Mind is Powerful
7%
I wont sit down to Psychic or Psychiatrist Heartbreaker
4%
Feeling others are to blame for most of your thoughts I Feel Like That
4%
I was only five, Superman pajamas i was super-duper fly Mama´s Boyfriends
3%
We jumping up on them couches Tom Cruise
3%
I keep my gun everywhere I go Dj Khaled´s Son
1%
No matching quizzes found
Score Distribution
Percent of People with Each Score
Percentile by Number Answered
Your Score History
You have not taken this quiz